000 00563nam a2200229Ia 4500
003 OSt
005 20220924145430.0
006 a|||||r|||| 00| 0
007 ta
008 220923b |||||||| |||| 00| 0 tel d
024 _a328595
037 _cTextual
040 _aARTS
_cARTS
_btel
041 _2tel
_atel
082 _aB9, 35J0
100 _aSastri Sivarama Au.
_9219717
245 0 _aPrachinakhagola
260 _c1950
650 _aMATHEMATICS
_92141
942 _hB9, 35J0
_cTEXL
_2CC
999 _c460066
_d460066